00986cam a2200277 a 450000100100000000500170001000800410002702000270006802000150009504000300011008200150014010000440015524500690019926000690026830000210033749000190035850400550037765000310043265000190046365000270048283000260050991000340053504900090056995201130057899900170069100001461720260114123504.0000720s1997 ck b 001 0 spa d a9582001658 (Coleccion) a9582003693 aDO-SdBNPbspacDLCdBNPHU a302bR741p1 aRojas Trujillo, Guillermod1955-93311110aPsicología social y nuevo líder /cGuillermo Rojas Trujillo. aSanta Fe de Bogotá :bCooperativa Editorial Magisterio,c1997. a148 p. ;c24 cm.1 aAula abierta ; aIncluye referencias bibliográficas (P. 147-148). 0aPsicología social 91574 4aLiderazgo9115 0aGrupos sociales 91635 0aAula abierta ;928681 aCatalogación por copia / LC aBNGR 001050718MOaGRbGRcCTd2010-01-15iLF1l0o302 R741pp14617-10r2020-06-25w2020-06-25y1ZNo se presta c14202d14202